000 01089nam a22002537a 4500
003 OSt
005 20250412132727.0
008 240904b ||||| |||| 00| 0 eng d
040 _c0
082 _aDPer 621.317 Ie21 December 2022 v.37 n. 12 part 1&2.
100 _aLuo, Zhichao.
_eauthor.
_960103
245 _aCharacterization of nanocrystalline flake ribbon for high frequency magnetic cores /
_cZhichao Luo, Xinru Li, Chaoqiang Jiang, and Teng Long.
260 _aNew York ;
_bThe Institute of Electrical and Electronics Engineers, Inc.,
_cDecember 2022.
300 _avolume 37, pages 14011-14016,
_billustration.
500 _aIEEE Transactions on Power Electronics, v. 37 n. 12, pages 14011-14016, December 2022.
650 0 _aHigh frequency magnetics.
_966379
650 0 _ananocrystalline flake ribbon.
_966380
650 0 _asoft magnetic material characterization.
_966381
700 _aLuo, Zhichao.
_eauthor.
_960103
700 _aLi, Xinru.
_eauthor.
_960104
700 _aJiang, Chaoqiang.
_eauthor.
_960105
700 _aLong, Teng.
_eauthor.
_960106
942 _2ddc
_cPER
999 _c21295
_d21295